000
00288nam a2200109Ia 4500
005
20251222154309.0
008
251222s9999||||xx |||||||||||||| ||spa||
082
_a
868.9/M86
100
_a
"Moreno Baez, Enrique"
245
0
_a
Antología de la poesía española contemporánea
942
_c
LIB
999
_c
33325
_d
33325